geomex - Statystyki

Ogólne statystyki
  • Ten quiz został rozwiązany 4 354 razy
  • Średni wynik to 3 z 10
Statystyki odpowiedzi
Einahcur Odpowiedź % Poprawnych
PL Polska
97%
RO Rumunia
60%
I Włochy
51%
HR Chorwacja
42%
TR Turcja
42%
V Watykan
18%
FO Wyspy owcze
15%
RKS Kosowo
9%
NL Cholandia
8%
BG Bugaria
7%
Nie znaleziono quizów pasujących do podanych kryteriów
Rozkład punktacji
Procent ludzi z każdym wynikiem
Percentyl według liczby udzielonych odpowiedzi
Twoja historia wyników
Nie rozwiązałeś tego quizu